• 首页
  • 本馆介绍
  • 公告通知
  • 最新文献
  • 馆藏检索
  • 电子资源
  • 读者荐购
  • 参考咨询
  • CALIS
  • 我的图书馆
  • 登录
  • 详细信息显示
  • 放入我的书架
  • 预约/预借图书
  • 作者相关作品
  • 分类相关作品
  • 丛书相关作品
  • 出版社相关作品

书目信息

  • 表格格式
  • 工作单格式
  • 卡片格式
题名:
中国建筑设计研究院作品选
    
 
作者: 崔恺 主编 ;中国建筑设计研究院 编
分册: 2004  
出版信息: 北京   清华大学出版社  2005.2
页数: 219页
开本: 30cm
丛书名:
单 册:
中图分类: TU206-64
科图分类:
主题词: 建筑设计--jian zhu she ji--中国--现代--图集
电子资源:
ISBN: 7-302-10545-6
 
 
 
 
 
000 01092nam0 2200241 45
001 012006000000
005 20061114094001.32
010    @a7-302-10545-6@dCNY150.00
100    @a20060314d2005 em y0chiy0121 ea
101 0  @achi@aeng
102    @aCN@b110000
105    @aa z 000yy
200 1  @a中国建筑设计研究院作品选@Azhong guo jian zhu she ji yan jiu yuan zuo pin xuan@h2004@e[中英文本]@d= Selected works of China architecture design & research group@f[崔恺主编]@g中国建筑设计研究院[编]@zeng
210    @a北京@c清华大学出版社@d2005.2
215    @a219页@c图@d30cm
330    @a本书收集了2004年由中国建筑设计研究院设计的优秀作品, 包括: 北京大学附属中学; 深圳清华实验学校; 深圳市南山中心区第二小学; 中关村益华软件技术学院; 外研社国际会议中心等。
510 1  @aSelected works of China architecture design & research group@h2004@zeng
606 0  @a建筑设计@Ajian zhu she ji@y中国@z现代@j图集
690    @aTU206-64@v4
701  0 @a崔恺@Acui kai@4主编
712 02 @a中国建筑设计研究院@Azhong guo jian zhu she ji yan jiu yuan@4编
801  0 @aCN@c20061114
905    @a10447@dTU206-64@eC970
    
    中国建筑设计研究院作品选.2004:[中英文本]= Selected works of China architecture design & research group/[崔恺主编]/中国建筑设计研究院[编].-北京:清华大学出版社,2005.2
    219页:图;30cm
    
    
    ISBN 7-302-10545-6:CNY150.00
    本书收集了2004年由中国建筑设计研究院设计的优秀作品, 包括: 北京大学附属中学; 深圳清华实验学校; 深圳市南山中心区第二小学; 中关村益华软件技术学院; 外研社国际会议中心等。
●
相关链接 在E读中查询图书 在当当中查询图书 在豆瓣中查询图书


正题名:中国建筑设计研究院作品选     索取号:TU206-64/C970         预约/预借

序号 登录号 条形码 馆藏地/架位号 状态 备注
1 638146   206381468   建筑库101/101建筑库 45排1列22层/ [索取号:TU206-64/C970] 在馆    
河南城建学院图书馆 欢迎您!
大连网信软件有限公司© 版权所有